00547nam a2200193 a 4500001001300000003000900013005001700022008004100039020001000080082001900090100001700109245008100126260003900207300000900246500003500255505001900290650002700309700001700336nice12345678IN_TiNIC20260116012307.0050524s1984 dela grp 000 0 eng  ac40000a294.59203bMAN aMani, Vettam aPuranic Encyclopaediab Comprehensive Dictionary With Special Ref.To the Epi aDelhi bMotilal Banarsidass c1984 a920p aincludes index and biblioraphy2 aIndex, Addenda aHinduism-Encyclopaedia1 aMani, Vettam